000 00666nam a2200217 4500
003 OSt
005 20240726084023.0
006 a
008 240726b |||||||| |||| 00| 0 eng d
020 _a9780470489598
040 _aDWCL-Main lib.
_cOC
082 _aCirc. 005.54 H341e 2010
100 _aHarvey, Greg
245 _aExcel 2010 all-in-one for dummies /
260 _aHoboken. N.J. :
_bWiley Pub. , Inc. ,
_cc2010.
300 _axxii,
_b765 p. : ill. ;
_c24 cm.
504 _aIncludes index.
650 _a1. Microsoft excel (Computer file).
650 _a2. Microsoft excel ( computer file)-Handbooks, manuals, etc.
942 _2ddc
_n0
_cBK-CIRC
_kCirc.
999 _c2838
_d2838